| 000 | 00473nam a2200181 a 4500 | ||
|---|---|---|---|
| 005 | 20210223130049.0 | ||
| 008 | 061017s2005 mx r 000 0 spa d | ||
| 020 | _a9993479438 | ||
| 035 | _aUPN01000147702 | ||
| 049 | _aCG | ||
| 050 | 4 |
_aPQ7409 G7.6 _bM8 |
|
| 100 | 1 |
_aGuerrero, Celio, _d1951- |
|
| 245 | 1 | 3 |
_aEl mundo de Melva / _cCelio Guerrero. |
| 260 |
_aSanto Domingo : _bBúho, _c2005. |
||
| 300 | _a293 p. | ||
| 650 | 4 |
_aNOVELA DOMINICANA _95587 |
|
| 905 | _aLibro | ||
| 999 |
_c119845 _d119845 |
||